000 00512nam a2200169Ia 4500
999 _c30155
_d30155
003 OSt
005 20201207152331.0
008 190216s9999||||xx |||||||||||||| ||und||
040 _coclc
082 _a894.8124
_bPOT/B
100 _aPotti, R Vasudevan
_96981
245 0 _aBharatiyadarsanangal /
_cR Vausdevan Potti
260 _bSukrudheenthra Oriental Reserch Institute,
_c2010.
_aKochi:
300 _a174p
650 _aMalayalam
942 _cBK
_2ddc
_h894.8124
_iPOT/B
_k894.8124
_mPOT/B